[Event "Let's Play Chess!"]
[Site "http://www.queenalice.com/game.php?id=36133"]
[Date "2005.11.2"]
[Round "-"]
[White "o_pellegrinno"]
[Black "claudiofer"]
[Result "1-0"]
[WhiteElo "1366"]
[BlackElo "1606"]

1. e4 e5 2. Nf3 Nf6 3. Nxe5 Nxe4 4. Qe2 Qf6 5. Qxe4 Bc5 6. d4 Bb6 7. Ng6+ Qe6 8.
Qxe6+ dxe6 9. Nxh8 Kf8 10. c3 Kg8 11. Nxf7 Kxf7 12. Bc4 Bd7 13. Bf4 Nc6 14. Na3
Rf8 15. Nb5 a6 16. Nxc7 Ke7 17. Bg5+ Kd6 18. Nxa6 bxa6 19. Bxa6 Re8 20. O-O h6
21. Bf4+ e5 22. Bxe5+ Kd5 23. Bxg7 Nb8 24. Bb7+ Kd6 25. Be5+ Ke7 26. Rfe1 Be6
27. Rad1 Nd7 28. Bc6 Bg4 29. Rd3 Be6 30. Rg3 Bxa2 31. Rg7+ Bf7 32. Bf4+ Kf8 33.
Be5 Bc7 34. Bxd7 Rd8 35. Bxc7 Rxd7 36. Be5 Ra7 37. f4 Ra2 38. b4 Rc2 39. Rh7 h5
40. Rh8+ Ke7 41. Bg7+ Kd7 42. Rf8 Bd5 43. Kf1 Bxg2+ 44. Kg1 Bh3 45. Rf7+ Kd6 46.
f5 Rxc3 47. f6 Rc4 48. Rfe7 Rxd4 49. f7 Rg4+ 50. Kf2 Rf4+ 51. Kg3 1-0

[Event "Challenge"]
[Site "http://www.queenalice.com/game.php?id=36309"]
[Date "2005.11.4"]
[Round "-"]
[White "gutopa"]
[Black "o_pellegrinno"]
[Result "1-0"]
[WhiteElo "1497"]
[BlackElo "1500"]

1. e4 c6 2. Bc4 d5 3. exd5 cxd5 4. Bb5+ Bd7 5. Bxd7+ Qxd7 6. Qf3 Nc6 7. Nh3 Nd4
8. Qd3 Qe6+ 9. Kf1 Qa6 10. Qxa6 bxa6 11. Na3 e6 12. c3 Nb5 13. d3 Nxa3 14. bxa3
Nf6 15. f3 h6 16. g4 Bd6 17. Bf4 Bxa3 18. Rb1 O-O 19. g5 hxg5 20. Bxg5 Nh5 21.
Rg1 f6 22. Bxf6 Rxf6 23. Rg5 Nf4 24. Nf2 Rh6 25. Ng4 Rh5 26. Nf6+ Kf7 27. Nxh5
Nxd3 28. Rxg7+ Kf8 29. Rb3 Be7 30. Rb7 Re8 31. Rxa7 Nf4 32. Rh7 Nxh5 33. Rxh5
Kg8 34. Rxa6 Rf8 35. Rh3 e5 36. Re6 Bf6 37. a4 e4 38. fxe4 Bxc3+ 39. Ke2 d4 40.
Rg3+ Kf7 41. Rc6 Rh8 42. Rc7+ Ke6 43. Rg6+ Ke5 44. Re7+ Kf4 45. Rf6+ Kg5 46.
Rf5+ Kg6 47. Rf2 Rh3 48. Re6+ Kg5 49. Rf5+ Kg4 50. Rg6+ Kh4 51. Rh6+ Kg4 52.
Rxh3 Kxh3 53. Kf2 Kxh2 54. Rh5# 1-0

[Event "Challenge"]
[Site "http://www.queenalice.com/game.php?id=36921"]
[Date "2005.11.7"]
[Round "-"]
[White "o_pellegrinno"]
[Black "serse"]
[Result "0-1"]
[WhiteElo "1537"]
[BlackElo "1597"]

1. e4 e5 2. Nf3 Nc6 3. Bb5 a6 4. Bxc6 dxc6 5. Nc3 Bg4 6. O-O Qf6 7. d3 Bxf3 8.
Qxf3 Qxf3 9. gxf3 Bd6 10. Ne2 O-O-O 11. Be3 Nf6 12. f4 exf4 13. Bxf4 Bxf4 14.
Nxf4 Kd7 15. e5 Ng4 16. Nh3 Nxe5 17. f4 Ng4 18. Rfe1 Rde8 19. Ng5 Ne3 20. Rac1
f6 21. Ne4 Nd5 22. Nc5+ Kc8 23. Ne6 Re7 24. f5 Rhe8 25. Rf1 Ne3 26. Rf4 Nxf5 27.
Nxc7 Re1+ 28. Rxe1 Rxe1+ 29. Kf2 Rc1 30. Ne6 Rxc2+ 31. Kf3 g6 32. Nf8 Rxh2 33.
Re4 Rxb2 34. Nxh7 Rxa2 35. Nxf6 Rd2 36. Re8+ Kc7 37. Re7+ Nxe7 0-1

[Event "Challenge"]
[Site "http://www.queenalice.com/game.php?id=36922"]
[Date "2005.11.7"]
[Round "-"]
[White "o_pellegrinno"]
[Black "ktk"]
[Result "0-1"]
[WhiteElo "1342"]
[BlackElo "1370"]

1. e4 c5 2. Nf3 Nf6 3. e5 Nd5 4. Bc4 Nb6 5. Na3 d5 6. Bb5+ Bd7 7. d3 d4 8. O-O
e6 9. Bxd7+ N8xd7 10. Bd2 Nd5 11. c3 h6 12. cxd4 cxd4 13. Nxd4 Nxe5 14. Qe2 Qf6
15. Rfe1 Bd6 16. Nab5 Bb8 17. f4 Nxf4 18. Bxf4 Qxf4 19. Rf1 Qg5 20. Rae1 a6 21.
Nd6+ Bxd6 22. Rc1 O-O 23. Kh1 Rae8 24. Qe4 f5 25. Qxb7 Nxd3 26. Rc2 Nb4 27. Rc4
Rb8 28. Qd7 Qe7 29. Rc7 Rfe8 30. Qxe7 Rxe7 31. Rxe7 Bxe7 32. Nxe6 g6 33. a3 Nc2
34. Rd1 Kf7 35. Nc7 Rxb2 36. h3 a5 37. Rd2 Bxa3 38. Rd7+ Be7 39. Rd2 a4 0-1

[Event "Challenge"]
[Site "http://www.queenalice.com/game.php?id=36923"]
[Date "2005.11.7"]
[Round "-"]
[White "o_pellegrinno"]
[Black "albi"]
[Result "0-1"]
[WhiteElo "1417"]
[BlackElo "1500"]

1. e4 e5 2. Nf3 Nc6 3. Bb5 a6 4. Bxc6 dxc6 5. Nxe5 Qd4 6. Nf3 Qxe4+ 7. Kf1 Bg4
8. d3 Qg6 9. Bf4 O-O-O 10. h3 Bxf3 11. Qxf3 Bd6 12. Nc3 Qf5 13. Ne2 Nf6 14. g4
Qd5 15. Qxd5 Nxd5 16. Bh2 Rhe8 17. a3 Re7 18. Re1 Rde8 19. c4 Nf4 20. Bxf4 Bxf4
21. Kg2 Rxe2 22. Rb1 Be5 23. b3 Bd4 24. Kg3 Bxf2+ 25. Kf3 Bh4 0-1

[Event "Challenge"]
[Site "http://www.queenalice.com/game.php?id=37000"]
[Date "2005.11.8"]
[Round "-"]
[White "o_pellegrinno"]
[Black "gdan"]
[Result "0-1"]
[WhiteElo "1320"]
[BlackElo "1829"]

1. e4 d6 2. Nf3 Nf6 3. d3 g6 4. Bg5 Bg7 5. Nc3 Nc6 6. d4 Bg4 7. Bb5 O-O 8. Qd2
a6 9. Bxc6 bxc6 10. Bh6 Bxf3 11. gxf3 e6 12. Rg1 Nh5 13. O-O-O Qf6 14. Qe3 Bxh6
15. Qxh6 Qf4+ 16. Qxf4 Nxf4 17. e5 d5 18. Rg4 Nh5 19. f4 f5 20. Rh4 Rfb8 21. Rg1
Kf7 22. Na4 Rb4 23. Nc5 Rxd4 24. Nd7 Rh8 25. c3 Rxf4 26. Rxf4 Nxf4 27. Rd1 Rd8
28. Nc5 d4 29. Nxa6 Ra8 30. Nxc7 Ra7 31. Kb1 Rxc7 32. Rxd4 g5 33. a4 Ke7 34. b4
Nd5 35. Kb2 c5 36. Rc4 cxb4 0-1

[Event "Let's Play Chess!"]
[Site "http://www.queenalice.com/game.php?id=37757"]
[Date "2005.11.12"]
[Round "-"]
[White "o_pellegrinno"]
[Black "Morpheus"]
[Result "0-1"]
[WhiteElo "1494"]
[BlackElo "1781"]

1. e4 c5 2. Nf3 Nc6 3. Bc4 e5 4. d3 Be7 5. Nc3 Nf6 6. Ng5 O-O 7. Qf3 d6 8. Qg3
Nd4 9. Kd1 Bg4+ 10. f3 Bd7 11. Nd5 Nxd5 12. Bxd5 Rb8 13. Nh3 Bh4 14. Bg5 Bxg5
15. Nxg5 h6 16. Nh3 Qa5 17. f4 Qb4 18. Bb3 c4 19. dxc4 Qa5 20. f5 Kh8 21. Rf1 f6
22. Rf2 Bc6 23. Qd3 b5 24. Rd2 bxc4 25. Qxc4 Bxe4 26. Nf4 Bxf5 27. a3 Nxb3 28.
cxb3 exf4 29. Qxf4 Rfe8 30. Qxd6 Rbc8 31. b4 Qa4+ 0-1

[Event "Let's Play Chess!"]
[Site "http://www.queenalice.com/game.php?id=38147"]
[Date "2005.11.16"]
[Round "-"]
[White "o_pellegrinno"]
[Black "Plague"]
[Result "0-1"]
[WhiteElo "1393"]
[BlackElo "1496"]

1. b3 e5 2. Bb2 e4 3. Nc3 f5 4. f3 d5 5. fxe4 fxe4 6. e3 Nc6 7. d3 exd3 8. Qh5+
g6 9. Qxd5 Bg7 10. Bxd3 Nb4 11. Qe4+ Ne7 0-1

[Event "Let's Play Chess!"]
[Site "http://www.queenalice.com/game.php?id=38386"]
[Date "2005.11.17"]
[Round "-"]
[White "VICSAR"]
[Black "o_pellegrinno"]
[Result "0-1"]
[WhiteElo "1522"]
[BlackElo "1473"]

1. e4 Nf6 2. Nc3 Nc6 3. Nf3 e5 4. d4 Bb4 5. Bg5 Bxc3+ 6. bxc3 h6 7. Bxf6 Qxf6 8.
Bb5 Qf4 9. Bxc6 bxc6 10. Nxe5 Qxe4+ 11. Kf1 d6 12. Nf3 Bg4 13. Qd2 O-O 14. Re1
Qd5 15. Re7 Rac8 16. Qf4 f5 17. h3 Bxf3 18. gxf3 Qxa2 19. Rg1 Rf7 20. Rxf7 Qxf7
21. Qxh6 Rd8 22. h4 d5 23. Qg5 Rd6 24. h5 Kf8 25. Rh1 Qe6 26. Qe3 Qh6 27. Rh4
Qxe3 28. fxe3 a5 29. Rh1 c5 30. Kg2 Re6 31. Re1 Rh6 32. Ra1 Ra6 33. Kg3 Kf7 34.
Kf4 Kf6 35. Rg1 Kf7 36. Kxf5 Rh6 37. Kg4 g6 38. Rh1 a4 39. Kg5 Kg7 40. f4 Rxh5+
41. Rxh5 gxh5 42. f5 a3 0-1

[Event "Invitation"]
[Site "http://www.queenalice.com/game.php?id=38439"]
[Date "2005.11.18"]
[Round "-"]
[White "o_pellegrinno"]
[Black "raphaelsantana"]
[Result "0-1"]
[WhiteElo "1476"]
[BlackElo "1232"]

1. b3 d5 2. Bb2 c5 3. d4 cxd4 4. Bxd4 Nc6 5. Nf3 Nf6 6. Nc3 Ne4 7. Ne5 Qa5 8.
Qd3 Qa3 9. Nb5 Qa5+ 10. Bc3 Qb6 11. e3 f6 12. Nxc6 bxc6 13. f3 Nc5 14. Qd2 cxb5
15. Qxd5 Bb7 16. Qd2 Rd8 17. Bd4 Qc6 18. Qb4 e5 19. Bxb5 Nd3+ 20. Kd1 Nxb4 21.
Bxc6+ Nxc6 22. c3 exd4 23. exd4 Ba3 24. Re1+ Ne7 25. Re6 a6 26. Kc2 O-O 27. Rxe7
Bxe7 28. Re1 Ba3 29. b4 Bd5 30. Re3 Bc4 31. Re7 Bxa2 32. Ra7 Ra8 33. Rc7 Rfe8
0-1

[Event "AUTO-MASTER-77"]
[Site "http://www.queenalice.com/game.php?id=41224"]
[Date "2005.12.3"]
[Round "1"]
[White "MikeDoherty"]
[Black "o_pellegrinno"]
[Result "0-1"]
[WhiteElo "1913"]
[BlackElo "1366"]

1. e4 e5 2. Nf3 Nf6 3. Nxe5 d6 4. Nf3 Nxe4 5. d4 d5 6. Bd3 Be7 7. O-O Nc6 8. c4
Nf6 9. h3 Be6 10. c5 O-O 11. Bd2 Ne4 12. Be3 h6 13. Nbd2 f5 14. Qb3 Rb8 15. Nxe4
fxe4 16. Bxe4 Na5 0-1

[Event "AUTO-MASTER-77"]
[Site "http://www.queenalice.com/game.php?id=41225"]
[Date "2005.12.3"]
[Round "1"]
[White "o_pellegrinno"]
[Black "MikeDoherty"]
[Result "1-0"]
[WhiteElo "1366"]
[BlackElo "1913"]

1. e4 Nc6 2. d4 e5 3. dxe5 Nxe5 4. f4 Ng6 5. Nc3 Bc5 6. f5 Ne5 7. Bf4 Nc6 8. Nf3
Nge7 9. Nb5 d6 10. Bc4 O-O 11. c3 a6 12. Nbd4 b5 13. Nxc6 Nxc6 14. Bd5 Bd7 15.
Rf1 Qe7 16. Qe2 Rae8 17. Bg5 1-0

[Event "AUTO-MASTER-77"]
[Site "http://www.queenalice.com/game.php?id=41234"]
[Date "2005.12.3"]
[Round "1"]
[White "gdan"]
[Black "o_pellegrinno"]
[Result "1-0"]
[WhiteElo "1824"]
[BlackElo "1482"]

1. e4 e5 2. Nf3 Nc6 3. Bb5 d5 4. Nxe5 dxe4 5. Nxc6 Qd6 6. Nxa7+ Bd7 7. Bxd7+
Qxd7 8. Qe2 Rxa7 9. Qxe4+ Be7 10. d3 Nf6 11. Qf3 O-O 12. Nc3 Re8 13. O-O c6 14.
Be3 Ng4 15. Bxa7 1-0

[Event "AUTO-MASTER-77"]
[Site "http://www.queenalice.com/game.php?id=41235"]
[Date "2005.12.3"]
[Round "1"]
[White "o_pellegrinno"]
[Black "gdan"]
[Result "0-1"]
[WhiteElo "1417"]
[BlackElo "1829"]

1. e4 c6 2. d4 d5 3. Nc3 dxe4 4. Nxe4 Bf5 5. Bd3 Qxd4 6. f3 Nd7 7. Ne2 Qb6 8.
N2c3 Bxe4 9. Bxe4 O-O-O 10. Qe2 e6 11. Na4 Qa5+ 12. Nc3 Bc5 13. Bd2 Qc7 0-1

[Event "Challenge"]
[Site "http://www.queenalice.com/game.php?id=42477"]
[Date "2005.12.9"]
[Round "-"]
[White "o_pellegrinno"]
[Black "clandestino"]
[Result "0-1"]
[WhiteElo "1372"]
[BlackElo "1288"]

1. d4 Nc6 2. e4 Nf6 3. e5 Nd5 4. Bc4 e6 5. Bxd5 exd5 6. Nf3 d6 7. Nc3 Be6 8. O-O
g6 9. Nb5 h5 10. Re1 Bg7 11. exd6 cxd6 12. Ng5 a6 13. Nxe6 fxe6 14. Rxe6+ Kd7
15. Rxd6+ Kc8 16. Rxd8+ Rxd8 17. Bg5 Re8 18. Nd6+ Kd7 19. Nxe8 Kxe8 20. Qe2+ Kd7
21. Qf3 Kd6 22. c3 Rf8 23. Qg3+ Kd7 24. Re1 Bf6 25. Bxf6 Rxf6 26. Qh4 Rf7 27.
Qg5 Ne7 28. Re5 a5 29. Rxd5+ Nxd5 30. Qxd5+ Ke7 0-1